|
|
|
|
| LEADER |
00000nam0a2200000 4500 |
| 001 |
270875 |
| 005 |
20231101234402.0 |
| 020 |
|
|
|a RU
|b 87-37919
|
| 035 |
|
|
|a (RuTPU)RU\TPU\book\294056
|
| 090 |
|
|
|a 270875
|
| 100 |
|
|
|a 20141002d1987 k a0rusy5003 ca
|
| 101 |
0 |
|
|a rus
|
| 102 |
|
|
|a RU
|
| 105 |
|
|
|a a z 001zy
|
| 200 |
1 |
|
|a Цикличность в формировании лёссов. Опыт системного подхода
|f Я. Е. Шаевич
|g Академия наук СССР (АН СССР) ; Производственный и научно-исследовательский институт по инженерным изысканиям в строительстве (ПНИИИС) ; отв. ред. В. Т. Трофимов
|
| 210 |
|
|
|a Москва
|c Наука
|d 1987
|
| 215 |
|
|
|a 104 с.
|c ил.
|
| 320 |
|
|
|a Библиогр.: с. 99-102 (151 назв.).
|
| 606 |
1 |
|
|a Лессовые породы
|2 stltpush
|3 (RuTPU)RU\TPU\subj\40055
|9 59930
|
| 610 |
1 |
|
|a лессовые отложения
|
| 610 |
1 |
|
|a происхождение
|
| 610 |
1 |
|
|a системные методы
|
| 610 |
1 |
|
|a исследование
|
| 610 |
1 |
|
|a осадконакопление
|
| 610 |
1 |
|
|a цикличность
|
| 610 |
1 |
|
|a литмогенез
|
| 610 |
1 |
|
|a лессовые толщи
|
| 610 |
1 |
|
|a классификация
|
| 610 |
1 |
|
|a просадочность
|
| 610 |
1 |
|
|a окружающая среда
|
| 610 |
1 |
|
|a охрана
|
| 610 |
1 |
|
|a использование
|
| 675 |
|
|
|a 552.524
|z rus
|v 3
|
| 700 |
|
1 |
|a Шаевич
|b Я. Е.
|g Яков Ефимович
|4 070
|
| 702 |
|
1 |
|a Трофимов
|b В. Т.
|4 340
|
| 712 |
0 |
2 |
|a Академия наук СССР (АН СССР)
|c (1925-1991)
|2 stltpush
|3 (RuTPU)RU\TPU\col\722
|
| 712 |
0 |
2 |
|a Производственный и научно-исследовательский институт по инженерным изысканиям в строительстве (ПНИИИС)
|c (Москва)
|2 stltpush
|3 (RuTPU)RU\TPU\col\7464
|
| 801 |
|
0 |
|a RU
|b RuMRKP
|c 19950417
|g psbo
|
| 801 |
|
1 |
|a RU
|b 63413507
|c 20141002
|
| 801 |
|
2 |
|a RU
|b 63413507
|c 20191111
|g RCR
|
| 942 |
|
|
|c BK
|